Lalithambika Antharjanam / (Record no. 42147)

MARC details
000 -LEADER
fixed length control field 00687nam a22002057a 4500
005 - DATE AND TIME OF LATEST TRANSACTION
control field 2010081601221.0
010 ## - LCCN (DPL NO)
LC control number ENG-100615
020 ## - INTERNATIONAL STANDARD BOOK NUMBER
International Standard Book Number 8126022035
Terms of availability 25.00
035 ## - SYSTEM CONTROL NUMBER
System control number EN-84148
037 ## - SOURCE OF ACQUISITION
Source of stock number/acquisition DBAD/PUB
082 ## - DEWEY DECIMAL CLASSIFICATION NUMBER
Classification number 870
100 ## - MAIN ENTRY--PERSONAL NAME
Personal name Krishnankutty, Gita
245 ## - TITLE STATEMENT
Title Lalithambika Antharjanam /
Statement of responsibility, etc by Gita Krishnankutty
260 ## - PUBLICATION, DISTRIBUTION, ETC. (IMPRINT)
Place of publication, distribution, etc New Delhi
Name of publisher, distributor, etc Sahitya Akademi
Date of publication, distribution, etc (200?)
270 ## - ADDRESS
Address Rabindra Bhavan, 35, Ferozeshah Road
City New Delhi
Postal code 110001
300 ## - PHYSICAL DESCRIPTION
Extent 99p.
Dimensions 22cm (pbk)
650 ## - SUBJECT ADDED ENTRY--TOPICAL TERM
Topical term or geographic name as entry element Draviadian Literature
942 ## - ADDED ENTRY ELEMENTS (KOHA)
Source of classification or shelving scheme Dewey Decimal Classification
Item type English Books
Classification part 870
Call number suffix KRI
Holdings
Withdrawn status Lost status Not for loan Collection code Home library Current library Date acquired Source of acquisition Cost, normal purchase price Full call number Barcode Copy number Cost, replacement price Koha item type
    Not For Loan Non-fiction D.B.Act.Division D.B.Act.Division 16/08/2010 DBAD/PUB 25.00 870 KRI EN-84148 1 25.00 English Books

© Delhi Public Library
Hit Counter
free hit counter